[Event "United States Chess League"]
[Site "Internet Chess Club"]
[Date "2008.08.27"]
[Round "1"]
[White "Ronald Simpson"]
[Black "Peter J Bereolos"]
[Result "1/2-1/2"]
[WhiteElo "2346"]
[BlackElo "2304"]

1. e4 e5 2. Nf3 Nc6 3. Bb5 a6 4. Ba4 Nf6 5. O-O Be7 6. Re1 b5 7. Bb3 d6 8. c3
O-O 9. h3 Na5 10. Bc2 c5 11. d4 Nd7 12. Nbd2 exd4 13. cxd4 Nc6 14. e5 dxe5 15.
Be4 Bb7 16. dxe5 c4 17. Qc2 g6 18. Bxc6 Bxc6 19. b3 cxb3 20. Qxc6 Nc5 21. Nh2
b2 22. Bxb2 Qxd2 23. Ba3 Nd3 24. Ng4 Bxa3 25. Rad1 Qg5 26. Rxd3 Be7 27. Qe4
Rad8 28. Rde3 Rd2 29. R3e2 Rfd8 30. f4 Qh4 31. Kh2 R2d3 32. Re3 R3d4 33. Qb7
Bb4 34. Nf6+ Kg7 35. g3 Qh6 36. R1e2 Rd1 37. e6 Rf8 38. e7 Kxf6 39. exf8=Q
Qxf8 40. Qxa6+ Kg7 41. Qxb5 Bc5 42. Rd3 Bg1+ 43. Kg2 Qa8+ 44. Rf3 Bd4 45. Qb3
Rg1+ 46. Kh2 Ra1 47. Qd3 Bf6 48. h4 Rxa2 49. Rxa2 Qxa2+ 50. Kh3 h5 51. f5 Qa1
52. Rf1 Qd4 53. Qf3 Qb2 54. Rd1 Qc3 55. Rd3 Qc7 56. fxg6 fxg6 57. Qd1 Qe5 58.
Rd7+ Be7 59. Qd2 Qe6+ 60. Kh2 Qe5 61. Qf2 Kg8 62. Qc2 Kg7 63. Qd3 Qb2+ 64. Kh3
Qe5 65. Qd4 Qxd4 66. Rxd4 Bf6 67. Rc4 Kf8 68. Rc7 Kg8 69. Kg2 Be5 70. Re7 Bf6
71. Rb7 Be5 72. Kf3 Bf6 73. Ke4 Bc3 74. Kd5 Bf6 75. Ke6 Bc3 76. Rb3 Bd4 77. g4
hxg4 78. Rb4 Bc3 79. Rxg4 Kh7 80. Kf7 Kh6 81. Rxg6+ Kh5 82. Rc6 Be1 83. Kf6
Kxh4 84. Kf5 Kg3 85. Ke4 Kg2 86. Rg6+ Kf2 87. Kd3 Bb4 88. Rf6+ Kg2 89. Rb6 Bc5
90. Rb5 {#d} 1/2-1/2

[Event "2nd Queenstown Chess Classic"]
[Site "Queenstown NZL"]
[Date "2009.01.22"]
[Round "8"]
[White "Sven Bakker"]
[Black "Jolanta Zawadzka"]
[Result "1/2-1/2"]
[WhiteElo "2233"]
[BlackElo "2385"]

1. d4 d5 2. c4 e6 3. Nf3 c6 4. e3 Nf6 5. Nbd2 c5 6. a3 Nc6 7. dxc5 a5 8. cxd5
Qxd5 9. Bc4 Qxc5 10. Qe2 Be7 11. O-O Rb8 12. Nb3 Qh5 13. Nbd4 Na7 14. e4 b5
15. Bf4 Rb7 16. Bd3 O-O 17. Rac1 Rd7 18. Bb8 b4 19. Bxa7 Rxa7 20. Nc6 Rc7 21.
Nxe7+ Rxe7 22. axb4 axb4 23. Rc4 e5 24. Rxb4 Bg4 25. Rc1 Rd8 26. Bc4 Red7 27.
h3 Bxf3 28. Qxf3 Qxf3 29. gxf3 Nh5 30. Rb5 Nf4 31. Rxe5 Rc7 32. Rc2 Kf8 33.
Rf5 g5 34. Kh2 h6 35. b3 Kg7 36. Ra2 Rd6 37. Ra6 Rxa6 38. Bxa6 Rc2 39. Bc4
Rxf2+ 40. Kg1 Nxh3+ 41. Kh1 f6 42. b4 Rc2 43. Rc5 h5 44. Be6 Nf2+ 45. Kg1 Rb2
46. b5 g4 47. Rxh5 Nh3+ 48. Rxh3 gxh3 49. Bxh3 Kg6 50. f4 Rxb5 51. Kf2 Rb4 52.
Bf5+ Kh5 53. Ke3 Rb3+ 54. Kf2 Kh4 55. e5 fxe5 56. fxe5 Rb5 57. Ke3 Rxe5+ 58.
Be4 Kg3 59. Kd4 Re7 60. Bd5 Kf4 61. Kc3 Ke3 62. Bb3 Rc7+ 63. Kb2 Kd2 64. Be6
Rb7+ 65. Ka1 Kc2 66. Bf5+ Kc3 67. Be4 Ra7+ 68. Kb1 Ra4 69. Bg6 Rb4+ 70. Ka1
Rf4 71. Bh7 Kb3 72. Bg8+ Ka3 73. Bh7 Rg4 74. Bf5 Rf4 75. Bh7 Rf1+ {#d} 1/2-1/2

[Event "2008-2009 Bundesliga"]
[Site "Solingen GER"]
[Date "2009.03.01"]
[Round "13"]
[White "Artur Yusupov"]
[Black "Sebastian Eichner"]
[Result "1/2-1/2"]
[WhiteElo "2570"]
[BlackElo "2326"]

1. d4 Nf6 2. c4 e6 3. Nc3 Bb4 4. e3 O-O 5. Nge2 d5 6. a3 Be7 7. Nf4 a6 8. b4
c6 9. Bb2 b5 10. c5 a5 11. g3 Nbd7 12. Bg2 Qc7 13. O-O e5 14. dxe5 Nxe5 15.
Ncxd5 cxd5 16. Nxd5 Nxd5 17. Qxd5 Nc4 18. Qxa8 Bh3 19. Qa6 Bxg2 20. Kxg2 Nxb2
21. Qxb5 axb4 22. axb4 Rb8 23. Qe2 Rxb4 24. Rfc1 g6 25. c6 Na4 26. Qf3 Kg7 27.
Rab1 Rxb1 28. Rxb1 Nc5 29. Rd1 Bf6 30. h4 h5 31. Rd2 Qe7 32. Qf4 Be5 33. Qb4
Bd6 34. Rd5 Kh7 35. Qd4 Ne6 36. Qd3 Nc5 37. Qd4 Ne6 38. Qd1 Bc7 39. Rd7 Qf6
40. Qf3 Kg7 41. Qxf6+ Kxf6 42. f4 Bb6 43. Kf3 Nc7 44. e4 Ke6 45. f5+ gxf5 46.
exf5+ Kxf5 47. Rxf7+ Kg6 48. Rd7 Kf6 49. Rd6+ Ne6 50. Rd5 Ng7 51. g4 hxg4+ 52.
Kxg4 Ke6 53. Rd1 Ba5 54. Kg5 Nf5 55. Ra1 Bd8+ 56. Kg4 Bxh4 57. c7 Kd7 58. Rc1
Kc8 59. Kxf5 Bg3 60. Ke6 Bxc7 61. Ke7 Kb7 62. Kd7 Bb8 63. Rb1+ Ka8 64. Kc8 Ba7
65. Kc7 Bd4 66. Rb8+ Ka7 67. Rb4 Be5+ 68. Kc6 Bg3 69. Ra4+ Kb8 70. Ra2 Bf4 71.
Rf2 Bg3 72. Rf3 Bh2 73. Rf8+ Ka7 74. Rf7+ Ka8 75. Kb6 Bg1+ 76. Ka6 Bh2 77.
Ra7+ Kb8 78. Rh7 Be5 79. Rf7 Ka8 80. Rf8+ Bb8 81. Re8 {#d} 1/2-1/2

[Event "10th European Individual Championship"]
[Site "Budva MNE"]
[Date "2009.03.16"]
[Round "10"]
[White "Milos Pecurica"]
[Black "Stefan Mijovic"]
[Result "1/2-1/2"]
[WhiteElo "1934"]
[BlackElo "2300"]

1. d4 Nf6 2. c4 e6 3. Nf3 d5 4. Nc3 Be7 5. cxd5 exd5 6. Bg5 c6 7. Qc2 g6 8. e4
dxe4 9. Bxf6 Bxf6 10. Qxe4+ Qe7 11. Bc4 Bf5 12. Qxe7+ Kxe7 13. O-O-O Rd8 14.
h3 h5 15. Rhe1+ Kf8 16. Ne5 Bg5+ 17. Re3 f6 18. Nf7 Bxe3+ 19. fxe3 Re8 20. Nd6
Rxe3 21. Rf1 Nd7 22. Nxf5 gxf5 23. Rxf5 Rae8 24. Rxh5 b5 25. Bb3 Rg3 26. d5 c5
27. Nxb5 Rxg2 28. Rh8+ Ke7 29. d6+ Kd8 30. Rxe8+ Kxe8 31. Nxa7 f5 32. Ba4 Rg6
33. Nc6 Kf8 34. Ne7 Rxd6 35. Nxf5 Rd5 36. Bc6 Rxf5 37. Bxd7 Rf2 38. a4 Ke7 39.
Bb5 Rf3 40. a5 Rxh3 41. Kc2 Kd6 42. Ba6 Kc6 43. Bc4 Rh1 44. Kc3 Ra1 45. b4
Ra3+ 46. Bb3 Kb5 47. bxc5 Kxc5 48. Kb2 Rxa5 49. Ba2 Kb4 50. Bb1 Rc5 51. Ka1
Kb3 52. Ba2+ Kc3 53. Bb1 Ra5+ 54. Ba2 Ra8 55. Kb1 Rh8 56. Ka1 Rh1+ 57. Bb1
Rxb1+ 58. Kxb1 Kb3 {#d} 1/2-1/2

[Event "10th European Individual Women's Championship"]
[Site "St Petersburg RUS"]
[Date "2009.03.18"]
[Round "10"]
[White "Ilze Berzina"]
[Black "Katerina Cedikova"]
[Result "1/2-1/2"]
[WhiteElo "2308"]
[BlackElo "2150"]

1. e4 g6 2. d4 d6 3. f4 Bg7 4. Nf3 Nf6 5. Nc3 O-O 6. Bd3 Na6 7. O-O c5 8. d5
Rb8 9. e5 dxe5 10. Bxa6 bxa6 11. fxe5 Ng4 12. Qe2 Qc7 13. Bf4 Rxb2 14. h3 Nh6
15. Rab1 Rxb1 16. Rxb1 Nf5 17. Qc4 h5 18. Ne4 Qa5 19. Qxc5 Qa4 20. Qb4 Qxc2
21. Nc3 Nh6 22. Nd4 Qd3 23. Rd1 a5 24. Qc5 Qa6 25. Nc6 Bb7 26. Nxe7+ Kh7 27.
Ne4 Qe2 28. Qd4 Re8 29. Bxh6 Kxh6 30. Nf6 Rxe7 31. Ng8+ Kh7 32. Nxe7 Bxe5 33.
Qd3 Qxa2 34. Rf1 Kg7 35. Qf3 f5 36. Nc6 Bf6 37. Rd1 Qc2 38. Kh1 a4 39. Re1 a3
40. Qxa3 Bxc6 41. dxc6 Qxc6 42. Qxa7+ Kh6 43. Qe3+ Kh7 44. Qf4 Qb6 45. Rd1 Bg7
46. Qg3 Qb2 47. Re1 Qf6 48. Qf4 Kg8 49. h4 Kh7 50. Kh2 Kg8 51. Qc4+ Kh7 52.
Re6 Qd8 53. Qf4 Qd7 54. Qe3 Qc7+ 55. Kh3 Qf7 56. Ra6 Qd7 57. Ra7 Qd5 58. Qc3
Qg8 59. Qf6 Qb3+ 60. g3 Qg8 61. Re7 Kh6 62. Qg5+ Kh7 63. Qf6 Kh6 64. Qf7 Qxf7
65. Rxf7 Be5 66. Kg2 Bd6 67. Kf3 Be5 68. Rb7 Bd6 69. Rd7 Be5 70. Kf2 Bb8 71.
Rd3 Be5 72. Ke2 f4 73. Rd5 Bc7 74. Rd7 Be5 75. gxf4 Bxf4 76. Kf3 Be5 77. Rf7
Bd6 78. Rd7 Be5 79. Re7 Bf6 80. Re4 g5 81. hxg5+ Kxg5 82. Kg3 Kf5 83. Ra4 h4+
84. Kh3 Be7 85. Ra5+ Ke6 86. Kg4 Bd8 87. Rh5 Kd6 88. Kf4 Kc6 89. Ke4 Bb6 90.
Rxh4 Kb7 91. Kd5 Ka8 92. Kc6 Ba7 93. Rh7 Bb8 94. Rb7 Bf4 95. Rf7 Bg3 96. Rf8+
Bb8 97. Kd7 Kb7 98. Rf3 Be5 99. Rb3+ Ka8 100. Kc8 Ka7 101. Re3 Bf4 102. Re7+
Kb6 103. Kd7 Bg3 104. Re4 Kc5 105. Rg4 Bf2 106. Rg5+ Kd4 107. Ke6 Ke4 108.
Rg4+ Kf3 109. Kf5 Be3 110. Rb4 Bc5 111. Rb3+ Kg2 112. Kg4 Bd6 113. Rb2+ Kg1
114. Kf3 Be5 115. Rg2+ Kh1 116. Rg4 Bc7 117. Rc4 Bb8 118. Rc6 Be5 119. Rb6 Bc7
120. Rh6+ Kg1 121. Rg6+ Kh2 122. Rg2+ Kh1 123. Kf2 Bb6+ 124. Kf1 Bc7 125. Rg7
Bd6 {#d} 1/2-1/2

[Event "10th European Individual Women's Championship"]
[Site "St Petersburg RUS"]
[Date "2009.03.19"]
[Round "11"]
[White "Jolanta Zawadzka"]
[Black "Anna-Maria Botsari"]
[Result "1-0"]
[WhiteElo "2385"]
[BlackElo "2289"]

1. e4 e5 2. Nf3 Nc6 3. Bb5 Nf6 4. d3 d6 5. O-O g6 6. c3 Bg7 7. Re1 O-O 8. Nbd2
Bd7 9. Ba4 Qe8 10. Nc4 Nh5 11. Bb3 Kh8 12. d4 f6 13. h3 b5 14. Ne3 Nf4 15. Nd5
Nxd5 16. Bxd5 Rb8 17. Nh2 Qe7 18. a4 a6 19. axb5 axb5 20. Qd3 exd4 21. cxd4
Nb4 22. Qc3 c5 23. Bf4 Rbd8 24. Ra7 g5 25. dxc5 dxc5 26. Bc7 Rc8 27. Nf3 c4
28. Re3 Bc6 29. Bb6 Qd6 30. Bxc6 Nxc6 31. Ra1 f5 32. Qc1 Nb4 33. Ba5 Nd3 34.
Qd2 g4 35. Ne1 fxe4 36. Nxd3 exd3 37. Bb4 Qd7 38. Bxf8 Rxf8 39. hxg4 Qd4 40.
Ra2 Bh6 41. g5 Bxg5 42. Qb4 Rd8 43. Re1 d2 44. Rd1 Bh4 45. Qc3 Bxf2+ 46. Kf1
Be3 47. Ke2 Bg5 48. Ra8 Qxc3 49. Rxd8+ Bxd8 50. bxc3 Ba5 51. Kxd2 b4 52. Ra1
bxc3+ 53. Kc2 Bb4 54. Ra4 Bf8 55. Kxc3 Kg7 56. Kxc4 Kg6 57. Ra5 Be7 58. Kd4
Bf6+ 59. Ke4 Bc3 60. Rd5 Bb2 61. Kf4 Bc1+ 62. Kg4 Bb2 63. Rd6+ Bf6 64. Ra6 Kg7
65. Kh5 Bd4 66. Rd6 Bc5 67. Rd7+ Kg8 68. g4 Be3 69. Re7 Bc5 70. Rc7 Bd6 71.
Rb7 Bf4 72. g5 Bd6 73. g6 hxg6+ 74. Kxg6 Kf8 75. Kf6 Ke8 76. Ke6 Bf4 77. Rb4
Bc7 78. Ra4 {#r} 1-0

[Event "Arctic Chess Challenge"]
[Site "Tromso NOR"]
[Date "2009.08.03"]
[Round "3"]
[White "Emanuel Berg"]
[Black "Monika (Bobrowska) Socko"]
[Result "1/2-1/2"]
[WhiteElo "2610"]
[BlackElo "2449"]

1. e4 c5 2. Nf3 Nc6 3. d4 cxd4 4. Nxd4 g6 5. Nc3 Bg7 6. Be3 Nf6 7. Bc4 d6 8.
f3 Qb6 9. Nf5 Qxb2 10. Nxg7+ Kf8 11. Nd5 Nxd5 12. Bxd5 Kxg7 13. Rb1 Qc3+ 14.
Kf2 f6 15. Rb5 h5 16. h4 Ne5 17. Bxb7 Rb8 18. Rb3 Qc7 19. Bd5 Bd7 20. Qd2 Rxb3
21. Bxb3 Bb5 22. Qd4 a6 23. Qa7 Qxa7 24. Bxa7 Rc8 25. Rd1 Bc4 26. Be3 Kf7 27.
Rd4 Ke6 28. Ke1 f5 29. Kd2 fxe4 30. fxe4 Rc6 31. Bf4 Rc5 32. Be3 Rc6 33. Bf4
Rc5 34. Rxc4 Nxc4+ 35. Kd3 d5 36. Kd4 Rc8 37. exd5+ Kf5 38. Bg5 Na5 39. Bxe7
Nxb3+ 40. cxb3 Rc2 41. a4 Rxg2 42. b4 Ra2 43. a5 Re2 44. Bg5 Rc2 45. Bd8 Rc8
46. Be7 Re8 47. d6 Ke6 48. b5 axb5 49. Kc5 Rb8 50. a6 b4 51. a7 Ra8 52. Kxb4
Rxa7 53. Kc4 Ra1 54. Kd3 Re1 55. Kd2 Re5 56. Kd3 Kd7 57. Kd2 Re6 58. Kd3 g5
59. Bxg5 Kxd6 60. Be3 Kd5 61. Ke2 Re4 62. Kf3 Rxh4 63. Kg2 Ke4 64. Bb6 Rg4+
65. Kh3 Kf3 66. Bc7 Rc4 67. Bb6 Rc2 68. Ba7 Rc1 69. Kh2 Kg4 70. Bd4 Rc4 71.
Ba7 Rc7 72. Bd4 Rd7 73. Bb6 Rd2+ 74. Kh1 Kh3 75. Bg1 Rc2 76. Be3 Ra2 77. Bg1
Re2 78. Bc5 Rh2+ 79. Kg1 Rc2 80. Bd6 Rc1+ 81. Kf2 Rc6 82. Be5 Rg6 83. Bc7 Rg8
84. Bd6 Rg7 85. Be5 Rg2+ 86. Kf1 Rg8 87. Bd6 Rg6 88. Bc7 Rc6 89. Be5 Rc5 90.
Bd6 Rg5 91. Bc7 Rg6 92. Kf2 h4 93. Kf1 Rg3 94. Bd6 Rd3 95. Bc7 Kg4 96. Kg1 Rd2
97. Kh1 Kf3 98. Bb6 Rc2 99. Bd4 Kg3 100. Be5+ Kh3 101. Kg1 Rg2+ 102. Kf1 Rg5
103. Bc7 Rg6 104. Bb8 Rg7 105. Bd6 Kg4 106. Kg1 Rd7 107. Be5 Kf3 108. Kh2 Rd1
109. Bc7 h3 110. Be5 Rd2+ 111. Kh1 Rc2 112. Bd6 Kg4 113. Be5 h2 114. Bxh2 Rc1+
115. Kg2 Rc2+ 116. Kh1 Kf3 117. Bg1 Rc1 118. Kh2 Rc6 119. Kh1 Rh6+ 120. Bh2
Rh5 121. Kg1 Rd5 122. Kh1 Kf2 123. Bg1+ Kf1 124. Bh2 Rg5 125. Bf4 Rg1+ 126.
Kh2 Rg2+ 127. Kh1 Rg1+ 128. Kh2 Rg4 129. Bg3 Rg6 130. Be5 Kf2 131. Bd4+ Kf3
132. Kh1 Rg4 133. Bg1 Kg3 134. Bh2+ Kh3 {#d} 1/2-1/2

[Event "17th European Team Championship"]
[Site "Novi Sad SRB"]
[Date "2009.10.26"]
[Round "5"]
[White "Marin Bosiocic"]
[Black "Trajce Nedev"]
[Result "1/2-1/2"]
[WhiteElo "2571"]
[BlackElo "2511"]

1. d4 Nf6 2. Bg5 Ne4 3. Bf4 c5 4. f3 Nf6 5. dxc5 b6 6. Nc3 bxc5 7. e4 Nc6 8.
Bc4 g6 9. Nge2 Bg7 10. g4 d6 11. g5 Nd7 12. Bxf7+ Kxf7 13. Qd5+ Kf8 14. Qxc6
Nb6 15. Qb5 a5 16. Qd3 Ba6 17. Qd1 Ke8 18. O-O Rf8 19. Bc1 Qd7 20. Kg2 Bd4 21.
a4 Bxc3 22. Nxc3 Bxf1+ 23. Qxf1 Kf7 24. b3 Kg8 25. Bb2 Rf4 26. Ne2 Rf7 27. Qe1
Raf8 28. Qc3 e5 29. Rf1 Na8 30. h3 Nc7 31. Qxa5 Ne6 32. Qd2 Qe7 33. Bc1 Kh8
34. Rf2 Rf4 35. Nxf4 Nxf4+ 36. Kh1 Nxh3 37. Rf1 Nf4 38. Rg1 c4 39. Qd1 Nh3 40.
Rg2 cxb3 41. cxb3 h6 42. Ba3 Rd8 43. Rh2 Nxg5 44. Rxh6+ Kg7 45. Rh2 Qf6 46.
Kg2 Rc8 47. Bb4 Nxf3 48. Qxf3 Rc2+ 49. Kg3 Qxf3+ 50. Kxf3 Rxh2 51. Bxd6 Rh3+
52. Kg4 Rxb3 53. Bxe5+ Kf7 54. a5 Ke6 55. Bc7 Rc3 56. Bb6 Ke5 57. a6 Kxe4 58.
a7 Ra3 59. Kg5 Ra6 60. Bf2 Ke5 61. a8=Q Rxa8 62. Kxg6 Rg8+ 63. Kf7 Rg4 64. Be1
Kf5 65. Bc3 Rc4 66. Bb2 Rc7+ 67. Kf8 Ke6 68. Ba1 Rf7+ 69. Kg8 Rf1 70. Bb2 Rf3
71. Ba1 Ke7 72. Kg7 Rg3+ 73. Kh6 Ke6 74. Bb2 Rb3 75. Ba1 Rb5 76. Kg7 Rb1 77.
Bc3 Rg1+ 78. Kf8 Rf1+ 79. Kg7 Rf7+ 80. Kg6 Rf3 81. Bb2 Rg3+ 82. Kh6 Rg2 83.
Ba1 Rg3 84. Kh5 Rg2 85. Bc3 Kf5 86. Kh6 Rg4 87. Ba1 Rg6+ 88. Kh7 Ra6 89. Bb2
Ke6 90. Kh6 Ra5 91. Bc3 Rb5 92. Ba1 {#d} 1/2-1/2

[Event "ch-IND National A"]
[Site "Mumbai IND"]
[Date "2009.12.07"]
[Round "7"]
[White "Sharma Himanshu"]
[Black "Srinath Narayanan"]
[Result "0-1"]
[WhiteElo "2469"]
[BlackElo "2370"]

1. e4 c5 2. Nc3 d6 3. g3 g6 4. Bg2 Bg7 5. d3 Nc6 6. f4 e6 7. Nf3 Nge7 8. O-O
O-O 9. Be3 Nd4 10. Bf2 Nec6 11. e5 dxe5 12. Nxe5 Nxe5 13. fxe5 Bxe5 14. Ne4 f5
15. Nxc5 Qd6 16. b4 Nc6 17. Rb1 Bd4 18. Qd2 a5 19. c3 Bxf2+ 20. Rxf2 axb4 21.
cxb4 Nd4 22. a4 Ra7 23. a5 b6 24. axb6 Qxb6 25. Qe3 Nb5 26. d4 Ra3 27. Qe5 Nc3
28. Re1 Qxb4 29. Nxe6 Bxe6 30. Qxe6+ Rf7 31. Bf1 Raa7 32. Qc4 Qa5 33. Re8+ Kg7
34. Qc8 Rae7 35. Bc4 Nd5 36. Bxd5 Qe1+ 37. Kg2 Rxe8 38. Qc4 Rfe7 39. Bf3 g5
40. Bh5 Rd8 41. Qc5 Rf8 42. Rxf5 Rxf5 43. Qxf5 Qe4+ 44. Qxe4 Rxe4 45. d5 Rd4
46. Bf3 g4 47. Be2 h5 48. Bb5 Rxd5 49. Be8 Re5 50. Bc6 Re2+ 51. Kg1 Kf6 52.
Bb7 Kg5 53. Ba6 Rb2 54. Bc4 h4 55. gxh4+ Kxh4 56. Ba6 Rd2 57. Bb5 Rb2 58. Ba6
Rb4 59. Kg2 Rb6 60. Bc4 Rd6 61. Bb5 Rd2+ 62. Kg1 Kg5 63. Ba6 Kf4 64. Bb7 Rd7
65. Bc6 Rc7 66. Bd5 Kg5 67. Be4 Kh4 68. Bd3 g3 69. hxg3+ Kxg3 70. Kf1 Kf3 71.
Be2+ Ke3 72. Bh5 Rc2 73. Kg1 Rc5 74. Bf7 Kf3 75. Kh2 Rf5 76. Be8 Rf6 77. Bb5
Rg6 78. Bc4 Rg3 79. Be2+ Kf2 80. Bd1 Rd3 81. Bc2 Rd2 82. Bb3 Rd6 {#R} 0-1

[Event "Moscow Open"]
[Site "Moscow RUS"]
[Date "2010.02.04"]
[Round "6"]
[White "Valentina Gunina"]
[Black "Guliskhan Nakhbayeva"]
[Result "1/2-1/2"]
[WhiteElo "2448"]
[BlackElo "2219"]

1. d4 Nf6 2. Nf3 e6 3. c4 b6 4. g3 Bb7 5. Bg2 Be7 6. O-O O-O 7. Qc2 Ne4 8.
Nfd2 Nd6 9. e4 Qc8 10. Nc3 Ne8 11. b3 d6 12. Bb2 Nd7 13. f4 f5 14. exf5 Bxg2
15. Kxg2 exf5 16. Rae1 Rf7 17. Nd5 Qb7 18. Nf3 Bf6 19. Qxf5 c6 20. Nxf6+ Rxf6
21. Qd3 d5 22. Re7 Nd6 23. cxd5 cxd5 24. Ng5 Nf5 25. Re6 Rxe6 26. Qxf5 Rh6 27.
Qf7+ Kh8 28. Re1 Rf6 29. Qh5 h6 30. Re7 Qc6 31. Nf7+ Kh7 32. Qg4 Qc2+ 33. Kh3
Nf8 34. Ne5 Ng6 35. Rd7 Rg8 36. Ba3 Nxe5 37. dxe5 Rg6 38. Qh5 Rc8 39. e6 Qb1
40. Qxd5 Rc2 41. Qd1 Qxd1 42. Rxd1 Rxe6 43. Rd7 Re8 44. f5 Rxa2 45. Bb4 Ree2
46. Bc3 Rxh2+ 47. Kg4 Kg8 48. Rxg7+ Kf8 49. f6 a5 50. Be5 Rad2 51. Rb7 Rd5 52.
Bf4 h5+ 53. Kf3 Rf5 54. Rxb6 Kf7 55. Ra6 Rb5 56. Ke4 Re2+ 57. Kd4 Re6 58. Ra7+
Kxf6 59. Kc4 Rf5 60. Rh7 Re4+ 61. Kc3 Rb4 62. Ra7 Rfb5 63. Bd2 Rxb3+ 64. Kc4
Kf5 65. Bxa5 Kg4 66. Rg7+ Kh3 67. Bd2 Rb2 68. Bc3 Rb1 69. Bd2 Rf5 70. Kd4 Rg1
71. Ke4 Rb5 72. Bf4 Ra5 73. Rg6 Re1+ 74. Kf3 Ra3+ 75. Kf2 Rb1 76. Be5 Rc1 77.
Rg5 Rc2+ 78. Ke1 Re3+ 79. Kd1 Rc5 80. Rxh5+ Kg2 81. Bf4 Rxh5 82. Bxe3 Kxg3 83.
Ke2 Re5 84. Kd2 Kf3 85. Bd4 Rd5 86. Kc3 Ke4 87. Bb6 Rd6 88. Bf2 Rd8 89. Bb6
Rc8+ 90. Kd2 Rc6 {#d} 1/2-1/2

[Event "Cappelle la Grande"]
[Site "Cappelle la Grande FRA"]
[Date "2010.02.18"]
[Round "7"]
[White "Yuriy Kryvoruchko"]
[Black "Manuel Apicella"]
[Result "1/2-1/2"]
[WhiteElo "2598"]
[BlackElo "2518"]

1. e4 e6 2. d4 d5 3. Nd2 Nf6 4. e5 Nfd7 5. Bd3 c5 6. c3 Nc6 7. Ne2 cxd4 8.
cxd4 f6 9. exf6 Nxf6 10. O-O Bd6 11. Nf3 O-O 12. Bf4 Bxf4 13. Nxf4 Ne4 14. Qc1
Ng5 15. Nxg5 Qxg5 16. Bxh7+ Kxh7 17. Nxe6 Qxc1 18. Nxf8+ Kg8 19. Raxc1 Kxf8
20. Rfe1 Bf5 21. Re3 Kg8 22. Rce1 Rf8 23. Re8 Nxd4 24. Rxf8+ Kxf8 25. Rd1 Ne2+
26. Kf1 Nf4 27. g3 Nd3 28. b3 b6 29. Ke2 Nb4 30. a3 Nc2 31. Rxd5 Be6 32. Rd8+
Ke7 33. Ra8 a5 34. Ra7+ Kf8 35. b4 axb4 36. axb4 Nxb4 37. Rb7 b5 38. Ke3 Bc4
39. Kd4 Nc2+ 40. Kc3 Ne1 41. h4 Nd3 42. f3 Ne5 43. f4 Nc6 44. g4 b4+ 45. Kd2
b3 46. Kc3 Bd5 47. Rb5 Ne7 48. Kd4 Bf3 49. g5 Ng6 50. f5 Nxh4 51. Ke5 Bc6 52.
Rb4 Nf3+ 53. Kd6 Be8 54. g6 b2 55. Rxb2 Nh4 56. Ke6 Nxg6 57. fxg6 Bxg6 58.
Rb8+ Be8 59. Rd8 g5 60. Kf6 g4 61. Rd4 Bb5 62. Rxg4 Ke8 63. Rb4 Bf1 64. Rf4
Bb5 65. Ke6 Bd7+ 66. Kd6 Bh3 67. Rf2 Bg4 68. Rg2 Bh3 69. Rg3 Bf5 70. Ke5 Bb1
71. Rg7 Ba2 72. Kf6 Kd8 73. Ra7 Bb3 74. Ke5 Ke8 75. Kf6 Kd8 76. Re7 Ba2 77.
Re2 Bb3 78. Rb2 Bc4 79. Rd2+ Ke8 {#d} 1/2-1/2

[Event "Reykjavik Open"]
[Site "Reykjavik ISL"]
[Date "2010.02.25"]
[Round "2"]
[White "Johann Ingvason"]
[Black "Svanberg Mar Palsson"]
[Result "1/2-1/2"]
[WhiteElo "2132"]
[BlackElo "1769"]

1. e4 c5 2. Nf3 d6 3. d4 cxd4 4. Nxd4 Nf6 5. Nc3 a6 6. Be3 e6 7. f3 b5 8. Qd2
Bb7 9. g4 Nfd7 10. h4 Nb6 11. g5 N8d7 12. h5 b4 13. Nd1 d5 14. Nf2 Ne5 15. b3
dxe4 16. f4 Qxd4 17. Qxd4 Nf3+ 18. Ke2 Nxd4+ 19. Bxd4 Nd5 20. Rh4 Bd6 21. Bxg7
Rg8 22. Nxe4 Nxf4+ 23. Rxf4 Bxe4 24. Rxe4 Rxg7 25. Rg4 Rc8 26. Kf3 Rxc2 27.
Bd3 Rd2 28. h6 Rxd3+ 29. Ke2 Rd2+ 30. Kxd2 Rxg5 31. Rxg5 Bf4+ 32. Kd3 Bxg5 33.
Kc4 a5 34. Kb5 Bd2 35. Kxa5 e5 36. Kb5 e4 37. Kc4 f5 38. Rf1 Kd7 39. Rxf5 Ke6
40. Rh5 Kf6 41. Rh4 Kf5 42. Kd4 e3 43. Kd3 Kg5 44. Rh1 Kg6 45. Rh2 Kg5 46. Ke4
Kg6 47. Kf3 Kg5 48. Rh1 Kg6 49. Ra1 Kxh6 50. a4 bxa3 51. Rxa3 Kg5 52. Ra4 Kf5
53. Rh4 Ke5 54. Rxh7 Kd4 55. Rc7 Kd3 56. Rc8 Bc3 57. Re8 Kc2 58. Rb8 Kd3 59.
b4 e2 60. Rd8+ Kc4 61. Kxe2 Bxb4 62. Ke3 Kc5 63. Kd3 Kc6 64. Kd4 Be7 65. Rd5
Bf6+ 66. Kc4 Be7 67. Rf5 Kd6 68. Kd4 Ke6 69. Re5+ Kf6 70. Kd5 Bd8 71. Re6+ Kf7
72. Ke5 Bc7+ 73. Kf5 Bg3 74. Re3 Bf2 75. Rf3 Bg1 76. Rf1 Bc5 77. Rc1 Bd6 78.
Rb1 Ke7 79. Rb7+ Kd8 80. Ke6 Kc8 81. Rh7 Ba3 82. Kd5 Kd8 83. Ra7 Bc1 84. Ke6
Be3 85. Ra3 Bg1 86. Rc3 Ba7 87. Rd3+ Kc7 88. Rc3+ Kd8 89. Kd6 Bb8+ 90. Ke6 Ba7
91. Rh3 Kc7 92. Rh7+ Kb6 93. Kd5 Bb8 94. Rh6+ Kb5 95. Rh1 Bg3 96. Rb1+ Ka5 97.
Rb3 Bh2 98. Rh3 Bg1 {#d} 1/2-1/2

[Event "Brazilian Championships"]
[Site "Americana BRA"]
[Date "2010.12.07"]
[Round "10"]
[White "Krikor Sevag Mekhitarian"]
[Black "Diego Rafael Di Berardino"]
[Result "1/2-1/2"]
[WhiteElo "2525"]
[BlackElo "2491"]

1. d4 Nf6 2. c4 e6 3. Nc3 Bb4 4. g3 d5 5. Nf3 O-O 6. Bg2 dxc4 7. O-O Nc6 8. e3
Rb8 9. Qe2 Na5 10. e4 b5 11. Rd1 Bb7 12. Ne5 a6 13. Bf4 Qe7 14. Bg5 Qd8 15. d5
Qd6 16. Bxf6 gxf6 17. Ng4 Qe7 18. Qf3 Bd6 19. Nxf6+ Kh8 20. Nxh7 Kxh7 21. e5
Bxe5 22. Qh5+ Kg7 23. Qxe5+ f6 24. Qe2 e5 25. Rd4 Bc8 26. Re1 Nb7 27. Rh4 Bd7
28. f4 Rbe8 29. d6 Nxd6 30. Nd5 Qf7 31. Nxc7 exf4 32. Nxe8+ Rxe8 33. Qd2 Rxe1+
34. Qxe1 Bf5 35. Rxf4 Bg6 36. h4 Qc7 37. Kh2 Nf7 38. Qe6 Qe5 39. Qxe5 Nxe5 40.
Be4 Bf7 41. a3 a5 42. Kg2 b4 43. axb4 axb4 44. Rf1 Nd7 45. Kf2 Nc5 46. Ke3 Na4
47. Rf2 c3 48. bxc3 Nxc3 49. Kd4 Nxe4 50. Kxe4 b3 51. Rd2 Kh6 52. Kd4 Kh5 53.
Rf2 Kg4 54. Kc3 Kxg3 55. Rxf6 Bh5 56. Kxb3 Kxh4 57. Kc3 Kg5 58. Rd6 Bg6 59.
Kd4 Bf5 60. Ke5 Bc2 61. Rd2 Bb3 62. Rd3 Bc4 63. Rc3 Ba2 64. Rc2 Bb3 65. Rg2+
Kh6 66. Kf6 Kh7 67. Rh2+ Kg8 68. Rb2 Bc4 69. Rb4 Bd5 70. Rg4+ Kh8 71. Kg6 Bb3
72. Rg2 Bc4 73. Rh2+ Kg8 74. Rd2 Kh8 75. Rd7 Bb3 76. Rg7 Bc4 77. Kh6 Bb3 78.
Kg6 Bc2+ 79. Kf7 Bb3+ 80. Kf8 Bc2 81. Rg3 Be4 82. Kf7 Bd5+ 83. Kf6 Ba2 84.
Rh3+ Kg8 85. Ra3 Bd5 86. Ra5 Bc4 87. Ra7 Kh8 88. Rc7 Ba2 89. Rd7 Bb3 {#d}
1/2-1/2

[Event "Tata Steel (Group B)"]
[Site "Wijk aan Zee NED"]
[Date "2011.01.17"]
[Round "3"]
[White "Zahar Efimenko"]
[Black "Surya Shekhar Ganguly"]
[Result "1/2-1/2"]
[WhiteElo "2701"]
[BlackElo "2644"]

1. e4 c5 2. Nf3 d6 3. d4 cxd4 4. Nxd4 Nf6 5. Nc3 a6 6. a4 Nc6 7. Be2 e5 8.
Nxc6 bxc6 9. f4 Qa5 10. O-O Rb8 11. Kh1 exf4 12. Bd2 Qc7 13. Bxf4 Be7 14. Qd4
Qb6 15. Qd3 Qc5 16. Qg3 Rxb2 17. e5 dxe5 18. Bxe5 Rb4 19. Rae1 Be6 20. Bf3 h5
21. Bxf6 gxf6 22. Ne4 Rxe4 23. Qb8+ Bd8 24. Bxe4 O-O 25. Qf4 Qg5 26. Bxc6 Be7
27. Bd7 Qxf4 28. Rxf4 Bd6 29. Rxf6 Kg7 30. Rff1 Bxd7 31. Rd1 Bxa4 32. Rxd6
Bxc2 33. Rf2 Rb8 34. h3 Bg6 35. Rxa6 Rb3 36. Kh2 Rc3 37. Ra8 Rb3 38. Ra5 Kh6
39. Ra4 Rc3 40. Rf3 Rc2 41. Kg3 Rb2 42. Rf2 Rb6 43. Kh4 Rc6 44. Rff4 Rc2 45.
Ra6 Kg7 46. g3 Rc8 47. Rd4 Kh6 48. Rad6 Rc3 49. Rf4 Kg7 50. g4 hxg4 51. Kxg4
Rc5 52. h4 Re5 53. Rfd4 Re4+ 54. Rxe4 Bxe4 55. Kg5 Bg6 56. Rb6 Bd3 57. Rf6 Bg6
58. Rf2 Be4 59. Kf4 Bg6 60. Ke5 Bd3 61. Rg2+ Kh6 62. Rg5 Bc2 63. Kf6 Bg6 64.
Re5 Bh5 65. Ra5 Bg6 66. h5 Bc2 67. Kxf7 Bg6+ 68. Kf6 Bc2 69. Rc5 Bb1 70. Rc1
Bd3 71. Rh1 Bc2 72. Ke5 Bd3 73. Rh2 Bb1 74. Kf4 Bd3 75. Kg4 Bb1 76. Rb2 Bd3
77. Rb6+ Kg7 78. Kg5 Bc2 79. Rb7+ Kg8 80. Kh6 Bd3 81. Rb8+ Kf7 82. Rb3 Bc2 83.
Rg3 Bb1 84. Rg7+ Kf8 85. Rg1 Bc2 86. Rg6 Kf7 87. Rc6 Bd3 88. Rc7+ Kg8 89. Kg5
Bb1 90. Kf6 Bd3 91. h6 Bb1 92. h7+ Kh8 93. Kg5 Bxh7 94. Kh6 Bg8 95. Kg6 Bd5
96. Rc8+ Bg8 97. Kf6 Kh7 98. Rc5 Bb3 99. Rc7+ Kg8 {#d} 1/2-1/2